书目信息 |
| 题名: |
最新小考满分作文1000篇
|
|
| 作者: | 季小兵 主编 | |
| 分册: | ||
| 出版信息: | 北京 首都师范大学出版社 2010.10 |
|
| 页数: | 494页 | |
| 开本: | 20cm | |
| 丛书名: | ||
| 单 册: | ||
| 中图分类: | H194.4 | |
| 科图分类: | ||
| 主题词: | 汉语--语言教学 | |
| 电子资源: | ||
| ISBN: | 978-7-81119-380-0 | |
| 000 | 00604nam0 2200205 45 | |
| 001 | 2058224361 | |
| 005 | 20201123161225.75 | |
| 010 | @a978-7-81119-380-0@dRMB 39.80 | |
| 100 | @a20201123d2010 km y0chiy0120 ea | |
| 101 | 0 | @achi |
| 102 | @aCN | |
| 200 | 1 | @a最新小考满分作文1000篇@Azui xin xiao kao man fen zuo wen 1000 pian@f季小兵主编@Fji xiao bing zhu bian |
| 205 | @a3版 | |
| 210 | @a北京@c首都师范大学出版社@d2010.10 | |
| 215 | @a494页@d20cm | |
| 606 | 0 | @a汉语@x语言教学 |
| 690 | @aH194.4@v4 | |
| 701 | 0 | @a季小兵@Aji xiao bing@4主编 |
| 801 | 0 | @aCN@bPFT@c20201123 |
| 905 | @a10447@dH194.4@eJ181=3 | |
| 最新小考满分作文1000篇/季小兵主编.-3版.-北京:首都师范大学出版社,2010.10 |
| 494页;20cm |
| ISBN 978-7-81119-380-0:RMB 39.80 |
| ● |
| 相关链接 |
|
|
|
正题名:最新小考满分作文1000篇
索取号:H194.4/J181=3
 
预约/预借
| 序号 | 登录号 | 条形码 | 馆藏地/架位号 | 状态 | 备注 |
| 1 | 1303957 | 213039576 | 语言库209/209语言库 78排1列6层/ [索取号:H194.4/J181=3] | 在馆 |